| 000 | 00564nam a22001937a 4500 | ||
|---|---|---|---|
| 005 | 20240524143154.0 | ||
| 010 | _aENG-140500 | ||
| 020 | _c200.00 | ||
| 037 | _bDBAD/PUB | ||
| 082 | _aN | ||
| 100 |
_aSail, Mahabaleshwar _966849 |
||
| 245 |
_aTHE KILN/ _bBy Mahabaleshwar Sail _hENGLISH |
||
| 260 |
_aMangalore _bKonkani Language & Cultural Foundation |
||
| 270 | _aWorld Konkani Centre, Konkani Gaon, Shaktinagar, Mangalore- 575016 | ||
| 300 |
_a132p _c22 cm .(pbk) |
||
| 500 | _aIncludes Notes | ||
| 700 |
_aPai, Vidya _966850 |
||
| 942 |
_2ddc _cEN _hN _mSAI |
||
| 999 |
_c203233 _d203233 |
||